[Event "Torino-ch Assoluto 48th"]
[Site "Torino"]
[Date "2004.01.??"]
[Round "4"]
[White "Cordara, Michele"]
[Black "Bianco, Daniele"]
[Result "1-0"]
[WhiteElo "2187"]
[BlackElo "1674"]
[PlyCount "67"]
[EventDate "2004.01.??"]
[EventType "swiss"]
[EventRounds "7"]
[EventCountry "ITA"]
[SourceTitle "EXT 2015"]
[Source "ChessBase"]
[SourceDate "2014.11.20"]
[SourceVersion "1"]
[SourceVersionDate "2014.11.20"]
[SourceQuality "1"]

1. c4 e6 2. g3 d5 3. Nf3 dxc4 4. Na3 Bxa3 5. Qa4+ Bd7 6. Qxa3 Bc6 7. Bg2 b5 8. Qc3 Nf6 9. b3 cxb3 10. axb3 0-0 11. Bb2 Bd5 12. d3 Nbd7 13. e4 Bb7 14. Nd4 Ne5 15. f4 b4 16. Qd2 Nc6 17. Nxc6 Bxc6 18. Ra5 Ne8 19. 0-0 Qb8 20. f5 Qb6+ 21. Qf2 Qxa5 22. fxe6 Nd6 23. Bxg7 Qg5 24. Bf6 Qg6 25. e7 Rfe8 26. Qc5 Bb5 27. e5 Bxd3 28. Bxa8 Bxf1 29. exd6 cxd6 30. Qc6 Qxf6 31. Qxe8+ Kg7 32. Qf8+ Kg6 33. e8Q Bd3 34. Be4+ 1-0

[Event "Torino-ch Assoluto 48th"]
[Site "Torino"]
[Date "2004.01.??"]
[Round "7"]
[White "Pepino, Enrico"]
[Black "Bianco, Daniele"]
[Result "1-0"]
[WhiteElo "2076"]
[BlackElo "1674"]
[PlyCount "127"]
[EventDate "2004.01.??"]
[EventType "swiss"]
[EventRounds "7"]
[EventCountry "ITA"]
[SourceTitle "EXT 2015"]
[Source "ChessBase"]
[SourceDate "2014.11.20"]
[SourceVersion "1"]
[SourceVersionDate "2014.11.20"]
[SourceQuality "1"]

1. e4 d6 2. d4 Nf6 3. Nc3 g6 4. f4 Bg7 5. Nf3 c5 6. dxc5 Qa5 7. Bd3 Qxc5 8. Qe2 0-0 9. Be3 Qa5 10. 0-0 Bg4 11. h3 Bxf3 12. Qxf3 Nc6 13. a3 Nd7 14. Bd2 Qb6+ 15. Kh1 Nc5 16. Rab1 Nxd3 17. cxd3 e6 18. f5 Nd4 19. Qg3 Rfe8 20. f6 Bf8 21. Be3 e5 22. Qh4 Qd8 23. Nd5 Ne6 24. Rbc1 b6 25. Rc3 Rc8 26. Rfc1 Rxc3 27. Rxc3 Qd7 28. Bh6 Kh8 29. Bxf8 Rxf8 30. Ne7 Ra8 31. Qh6 Qd8 32. Qc1 a5 33. b4 axb4 34. axb4 Nf4 35. g3 Ne2 36. Qh6 Qf8 37. Qxf8+ Rxf8 38. Rc6 Nxg3+ 39. Kg2 Nh5 40. Nd5 h6 41. Rxb6 g5 42. b5 Kh7 43. Rxd6 Rb8 44. b6 Nf4+ 45. Nxf4 gxf4 46. Kf3 Kg6 47. Rc6 Rb7 48. h4 h5 49. Rd6 Rb8 50. d4 exd4 51. Kxf4 Rb7 52. e5 d3 53. Rxd3 Rxb6 54. Rg3+ Kh6 55. Rg7 Rb4+ 56. Kf5 Rb7 57. Rg8 Kh7 58. Re8 Rb1 59. Re7 Kg8 60. Kg5 Rg1+ 61. Kxh5 Rg2 62. Re8+ Kh7 63. e6 fxe6 64. f7 1-0

[Event "Torino-ch Assoluto 48th"]
[Site "Torino"]
[Date "2004.01.??"]
[Round "2"]
[White "Pulito, Alberto"]
[Black "Bianco, Daniele"]
[Result "1-0"]
[WhiteElo "2091"]
[BlackElo "1674"]
[PlyCount "87"]
[EventDate "2004.01.??"]
[EventType "swiss"]
[EventRounds "7"]
[EventCountry "ITA"]
[SourceTitle "EXT 2015"]
[Source "ChessBase"]
[SourceDate "2014.11.20"]
[SourceVersion "1"]
[SourceVersionDate "2014.11.20"]
[SourceQuality "1"]

1. e4 e6 2. d4 d5 3. e5 b6 4. Nf3 Qd7 5. Bd3 c5 6. c3 Ba6 7. 0-0 Bxd3 8. Qxd3 Nc6 9. a3 c4 10. Qe2 Nge7 11. Ne1 0-0-0 12. Nd2 Na5 13. Rb1 f5 14. b3 cxb3 15. c4 dxc4 16. Nxc4 Nxc4 17. Qxc4+ Kb8 18. Qxb3 Qd5 19. Nd3 Qxb3 20. Rxb3 Nc6 21. Bg5 Rd7 22. Nc5 Bxc5 23. dxc5 Nd4 24. Rb2 b5 25. Be3 a6 26. a4 Kc7 27. Bxd4 Rxd4 28. axb5 axb5 29. Rxb5 Rd5 30. f4 Ra8 31. g3 Ra2 32. Rf2 Rxf2 33. Kxf2 Kc6 34. Rb6+ Kxc5 35. Rxe6 Rd2+ 36. Kf3 Rxh2 37. Re7 g6 38. Rd7 Rh1 39. Kg2 Re1 40. Rxh7 Kd5 41. Rg7 Ke4 42. Rxg6 Re2+ 43. Kh3 Kf3 44. Kh4 1-0